Statistics for El Clásico - Goalscorers since 2004

Click here to take the quiz!

General Stats

  • This quiz has been taken 1,905 times
    (1,474 since last reset)
  • The average score is 33 of 57

Answer Stats

Answer% Correct
C. Ronaldo
99%
C. Ronaldo (2)
99%
Messi
99%
Messi (2)
99%
Messi (3)
99%
Ronaldo
99%
Benzema
92%
Benzema (2)
92%
Iniesta
91%
Xavi
91%
Ramos
88%
Neymar
86%
Suárez
86%
Suárez (2)
86%
Piqué
85%
Bale
83%
Ronaldinho
81%
Ronaldinho (2)
81%
Puyol
77%
Marcelo
71%
Eto'o
69%
Raúl
69%
Villa
66%
Villa (2)
66%
Henry
63%
Henry (2)
63%
Pedro
63%
Zidane
62%
Casemiro
60%
Dani Alves
59%
Alba
56%
Rakitić
56%
Pepe
54%
Ibrahimović
51%
Varane
49%
Özil
48%
Di María
47%
Higuaín
47%
Sánchez
45%
Roberto Carlos
42%
Alonso
37%
van Nistelrooy
35%
van Nistelrooy (2)
35%
Abidal
34%
Robben
33%
Fàbregas
32%
Khedira
31%
Rodríguez
31%
Owen
26%
Bartra
21%
Mathieu
19%
Jeffrén
17%
Jesé
17%
Kluivert
17%
Baptista
11%
Solari
7%
van Bronckhorst
6%

Score Distribution

Percentile by Number Answered

Percent of People with Each Score

Your Score History

You have not taken this quiz since the last reset